000
00266nam a22001217a 4500
008
260312b ||||| |||| 00| 0 eng d
041
_a
eng
080
_a
2.1
100
_a
22
101
_a
Menaxh
245
_a
Menaxhimi Financiar
_c
Instituti Kaf
942
_2
lcc
_c
BK
999
_c
60893
_d
60893